[Event "St Petersburg Korchnoi Memorial op"]
[Site "St Petersburg"]
[Date "2019.08.21"]
[Round "8"]
[White "Sairanov, Talgat"]
[Black "Peregudov, Denis"]
[Result "1-0"]
[WhiteElo "2021"]
[BlackElo "1779"]
[PlyCount "81"]
[EventDate "2019.08.14"]
[EventType "swiss"]
[EventRounds "9"]
[EventCountry "RUS"]
[SourceTitle "CBM 192"]
[Source "ChessBase"]
[SourceDate "2019.10.31"]
[SourceVersion "1"]
[SourceVersionDate "2019.10.31"]
[SourceQuality "1"]

1. c4 e6 2. Nc3 f5 3. g3 Nf6 4. Bg2 Bb4 5. Nh3 0-0 6. 0-0 Bxc3 7. bxc3 d6 8. Rb1 c6 9. d4 Ne4 10. Qc2 Nf6 11. f3 e5 12. e4 fxe4 13. fxe4 Nbd7 14. Ba3 c5 15. Ng5 Qe7 16. Nf3 Nb6 17. Rb5 Bd7 18. dxe5 Bxb5 19. exf6 Rxf6 20. cxb5 Re8 21. Re1 Re6 22. Nd2 Nd7 23. c4 Ne5 24. Bb2 Rf8 25. Rf1 Ref6 26. Bxe5 Qxe5 27. Nf3 Qh5 28. Qd3 Kh8 29. h3 Qg6 30. Nd2 Rxf1+ 31. Nxf1 Qf6 32. Qd2 Qe5 33. Kh2 h5 34. h4 g6 35. Qh6+ Kg8 36. Qxg6+ Kh8 37. Ne3 Rf2 38. Nd5 b6 39. a3 Rf8 40. Nf4 Rxf4 41. gxf4 1-0

[Event "Dvorkovich Memorial op"]
[Site "Taganrog"]
[Date "2019.01.10"]
[Round "1"]
[White "Peregudov, Denis"]
[Black "Kholin, Aleksandr1111"]
[Result "0-1"]
[WhiteElo "1659"]
[BlackElo "2412"]
[PlyCount "42"]
[EventDate "2019.01.10"]
[EventType "swiss"]
[EventRounds "9"]
[EventCountry "RUS"]
[SourceTitle "CBM 188 Extra"]
[Source "ChessBase"]
[SourceDate "2019.02.26"]
[SourceVersion "1"]
[SourceVersionDate "2019.02.26"]
[SourceQuality "1"]

1. d4 Nf6 2. Bf4 d5 3. e3 c5 4. c3 e6 5. Nd2 Bd6 6. Bg3 0-0 7. Bd3 Qc7 8. Ngf3 Nbd7 9. Bc2 e5 10. dxe5 Nxe5 11. Nxe5 Bxe5 12. Nf3 Bxg3 13. hxg3 Re8 14. Qe2 Qa5 15. Ng5 h6 16. Nf3 d4 17. Qd3 dxe3 18. 0-0-0 Qxa2 19. Ng5 c4 20. Qd6 Qa1+ 21. Bb1 Bf5 0-1

[Event "Sochi ChessAmateur op10"]
[Site "Sochi"]
[Date "2018.10.15"]
[Round "6"]
[White "Sudnik, Pavel"]
[Black "Peregudov, Denis"]
[Result "1-0"]
[WhiteElo "1993"]
[BlackElo "1670"]
[PlyCount "89"]
[EventDate "2018.10.12"]
[EventType "swiss"]
[EventRounds "9"]
[EventCountry "RUS"]
[SourceTitle "CBM 187 Extra"]
[Source "ChessBase"]
[SourceDate "2018.11.04"]
[SourceVersion "1"]
[SourceVersionDate "2018.11.04"]
[SourceQuality "1"]

1. e4 c6 2. Nc3 d5 3. d4 dxe4 4. Nxe4 Bf5 5. Ng3 Bg6 6. Nf3 Nd7 7. Be2 e6 8. c3 Bd6 9. Bg5 Ngf6 10. Nh4 Qc7 11. Qd2 Ne4 12. Nxe4 Bxe4 13. Qe3 Bg6 14. f4 0-0 15. Nxg6 hxg6 16. h4 c5 17. h5 cxd4 18. cxd4 Qa5+ 19. Kf2 gxh5 20. Rxh5 Rae8 21. Qh3 f6 22. Bxf6 Qd2 23. Rh8+ Kf7 24. Bxg7 Qxf4+ 25. Kg1 Qh2+ 26. Qxh2 Bxh2+ 27. Rxh2 Kxg7 28. Bf3 Rc8 29. Bxb7 Rc2 30. Be4 Re2 31. Rh7+ Kg8 32. Rxd7 Rxe4 33. Rc1 Rf7 34. Rxf7 Kxf7 35. Rc7+ Kf6 36. Rxa7 Rxd4 37. a3 Rf4 38. b4 e5 39. b5 e4 40. Ra4 Ke5 41. b6 Rf8 42. Rb4 Kd5 43. b7 Rb8 44. Kf2 Kc6 45. Ke3 1-0

[Event "Sochi ChessAmateur op10"]
[Site "Sochi"]
[Date "2018.10.12"]
[Round "1"]
[White "Muratov, Sergey"]
[Black "Peregudov, Denis"]
[Result "1-0"]
[WhiteElo "2181"]
[BlackElo "1670"]
[PlyCount "43"]
[EventDate "2018.10.12"]
[EventType "swiss"]
[EventRounds "9"]
[EventCountry "RUS"]
[SourceTitle "CBM 187 Extra"]
[Source "ChessBase"]
[SourceDate "2018.11.04"]
[SourceVersion "1"]
[SourceVersionDate "2018.11.04"]
[SourceQuality "1"]

1. d4 e6 2. Bf4 f5 3. Nf3 Nf6 4. e3 Be7 5. b3 b6 6. Be2 Bb7 7. 0-0 0-0 8. c4 d6 9. Nc3 Qe8 10. Ng5 Bd8 11. Bf3 c6 12. Nb5 Qd7 13. Nxd6 h6 14. Nxe6 Qxe6 15. Nxb7 Be7 16. d5 Qc8 17. Nd6 Bxd6 18. Bxd6 Rd8 19. Be7 Rd7 20. Bxf6 gxf6 21. e4 Rd6 22. Qc1 1-0

[Event "St Petersburg Korchnoi Memorial op"]
[Site "St Petersburg"]
[Date "2018.08.17"]
[Round "3"]
[White "Peregudov, Denis"]
[Black "Motruk, Oleg"]
[Result "1/2-1/2"]
[WhiteElo "1649"]
[BlackElo "2081"]
[PlyCount "99"]
[EventDate "2018.08.15"]
[EventType "swiss"]
[EventRounds "9"]
[EventCountry "RUS"]
[SourceTitle "CBM 186 Extra"]
[Source "ChessBase"]
[SourceDate "2018.08.24"]
[SourceVersion "1"]
[SourceVersionDate "2018.08.24"]
[SourceQuality "1"]

1. d4 g6 2. Bf4 Bg7 3. e3 d6 4. Nf3 Nd7 5. c3 e5 6. Bg3 Ne7 7. Nbd2 Nf5 8. Be2 b6 9. Nc4 Nxg3 10. hxg3 e4 11. Nfd2 d5 12. Na3 Bb7 13. c4 h5 14. cxd5 Bxd5 15. Nb5 0-0 16. Nc3 Nf6 17. Qc2 Re8 18. Bb5 Re6 19. Nxd5 Nxd5 20. Nxe4 Qe7 21. Nc3 Nb4 22. Qb3 Bxd4 23. Bc4 Rf6 24. a3 Rxf2 25. Ne2 Bxe3 26. axb4 Re8 27. Rd1 Qe4 28. Bd5 Bd2+ 29. Kxf2 Qxe2+ 30. Kg1 Re3 31. Qc2 Rd3 32. Rxd2 Qe1+ 33. Kh2 Qxg3+ 34. Kg1 Qe1+ 35. Kh2 Qxd2 36. Qxd2 Rxd2 37. Bc6 Rxb2 38. b5 Ra2 39. Rf1 Ra5 40. Be8 f5 41. Bxg6 Rxb5 42. Rxf5 Rxf5 43. Bxf5 Kg7 44. Kg3 Kf6 45. Kf4 a5 46. Bd7 Ke7 47. Ba4 c5 48. Ke5 h4 49. Kd5 h3 50. gxh3 1/2-1/2

[Event "Sochi Doroshkevich Amateur op"]
[Site "Sochi"]
[Date "2017.12.27"]
[Round "8"]
[White "Karapetian, Albert"]
[Black "Peregudov, Denis"]
[Result "1-0"]
[WhiteElo "1916"]
[BlackElo "1560"]
[PlyCount "57"]
[EventDate "2017.12.21"]
[EventType "swiss"]
[EventRounds "9"]
[EventCountry "RUS"]
[SourceTitle "CBM 182 Extra"]
[Source "ChessBase"]
[SourceDate "2018.02.23"]
[SourceVersion "1"]
[SourceVersionDate "2018.02.23"]
[SourceQuality "1"]

1. d3 d5 2. g3 Bf5 3. Bg2 c6 4. Nd2 e6 5. Ngf3 Nf6 6. 0-0 Be7 7. c4 0-0 8. b3 Nbd7 9. Bb2 h6 10. Re1 Bb4 11. a3 Be7 12. e4 Bh7 13. Qe2 Rc8 14. Nd4 Bc5 15. b4 Bxd4 16. Bxd4 e5 17. Bb2 d4 18. c5 Ne8 19. Bh3 Ra8 20. Nc4 f6 21. Bc1 b5 22. Na5 Qc7 23. Bxh6 Nxc5 24. Rac1 Nxd3 25. Qxd3 gxh6 26. Rxc6 Qb8 27. Rc8 Qxc8 28. Bxc8 Rxc8 29. Qxb5 1-0

[Event "Sochi Doroshkevich Amateur op"]
[Site "Sochi"]
[Date "2017.12.25"]
[Round "5"]
[White "Egorov, Alexey"]
[Black "Peregudov, Denis"]
[Result "1-0"]
[WhiteElo "1919"]
[BlackElo "1560"]
[PlyCount "79"]
[EventDate "2017.12.21"]
[EventType "swiss"]
[EventRounds "9"]
[EventCountry "RUS"]
[SourceTitle "CBM 182 Extra"]
[Source "ChessBase"]
[SourceDate "2018.02.23"]
[SourceVersion "1"]
[SourceVersionDate "2018.02.23"]
[SourceQuality "1"]

1. e4 c6 2. d4 d5 3. e5 Bf5 4. h4 Qb6 5. Nc3 h6 6. g4 Bd7 7. h5 e6 8. Na4 Qa5+ 9. c3 c5 10. Nxc5 Bxc5 11. dxc5 Qxc5 12. Be3 Qc7 13. f4 Ne7 14. Nf3 Nbc6 15. Bg2 Na5 16. 0-0 Nc4 17. Bc1 Qb6+ 18. Qd4 Rc8 19. b3 Qxd4+ 20. Nxd4 Nb6 21. Bb2 0-0 22. a4 a6 23. Ba3 Rfe8 24. Bxe7 Rxe7 25. Rac1 Bc6 26. a5 Na8 27. c4 Nc7 28. Rc2 dxc4 29. Nxc6 bxc6 30. bxc4 Ne8 31. Rb1 Rd7 32. Rb6 Rd4 33. Rxa6 Rxf4 34. Bxc6 Rxg4+ 35. Kf2 Kf8 36. Rb6 g5 37. hxg6 Rxg6 38. a6 Rg5 39. a7 Nc7 40. Rb8 1-0

[Event "Sochi Doroshkevich Amateur op"]
[Site "Sochi"]
[Date "2017.12.24"]
[Round "4"]
[White "Peregudov, Denis"]
[Black "Gutsulyak, Nikolay"]
[Result "0-1"]
[WhiteElo "1560"]
[BlackElo "1965"]
[PlyCount "60"]
[EventDate "2017.12.21"]
[EventType "swiss"]
[EventRounds "9"]
[EventCountry "RUS"]
[SourceTitle "CBM 182 Extra"]
[Source "ChessBase"]
[SourceDate "2018.02.23"]
[SourceVersion "1"]
[SourceVersionDate "2018.02.23"]
[SourceQuality "1"]

1. d4 e6 2. Bf4 f5 3. e3 Nf6 4. h4 Be7 5. h5 d6 6. h6 g6 7. Nf3 Nh5 8. Bc4 Bf6 9. Nbd2 Nc6 10. Bb5 Bd7 11. Bxc6 Bxc6 12. Qe2 Qe7 13. 0-0-0 0-0-0 14. Kb1 e5 15. dxe5 dxe5 16. Bh2 e4 17. Ng1 Qb4 18. Nb3 a5 19. c3 Qb6 20. Nh3 Bb5 21. c4 Ba6 22. g4 a4 23. Nd4 Bxd4 24. exd4 Nf6 25. g5 Ng4 26. d5 Nxh2 27. Rxh2 Qb4 28. Rd4 c5 29. Rd1 Bxc4 30. Qd2 Rxd5 0-1

[Event "Gelendzhik op 14th"]
[Site "Gelendzhik"]
[Date "2017.06.03"]
[Round "7"]
[White "Peregudov, Denis"]
[Black "Kuzmina, Olga"]
[Result "1-0"]
[WhiteElo "1568"]
[BlackElo "2278"]
[PlyCount "67"]
[EventDate "2017.05.28"]
[EventType "swiss"]
[EventRounds "9"]
[EventCountry "RUS"]
[SourceTitle "EXT 2018"]
[Source "ChessBase"]
[SourceDate "2017.10.13"]
[SourceVersion "1"]
[SourceVersionDate "2017.10.13"]
[SourceQuality "1"]

1. d4 Nc6 2. Bf4 d5 3. e3 Bf5 4. c3 Nf6 5. Nd2 e6 6. Qa4 Bd6 7. Bb5 Qd7 8. Ngf3 0-0 9. Ne5 Bxe5 10. Bxe5 a6 11. Bxc6 bxc6 12. Nf3 Ne4 13. Bg3 f6 14. Nh4 Nxg3 15. hxg3 Bd3 16. Qd1 Bb5 17. a4 g5 18. Nf3 g4 19. Nh2 c5 20. axb5 Qxb5 21. Qxg4+ Kh8 22. Qe2 Qb6 23. Nf3 Rab8 24. Rc1 a5 25. 0-0 a4 26. Qc2 cxd4 27. exd4 Rg8 28. Qxa4 e5 29. dxe5 fxe5 30. Nxe5 Rxg3 31. Nd7 Qb7 32. fxg3 Rg8 33. Qd4+ Rg7 34. Rf8# 1-0

[Event "Gelendzhik op 14th"]
[Site "Gelendzhik"]
[Date "2017.05.30"]
[Round "3"]
[White "Peregudov, Denis"]
[Black "Ativanov, Petr"]
[Result "1-0"]
[WhiteElo "1568"]
[BlackElo "1515"]
[PlyCount "46"]
[EventDate "2017.05.28"]
[EventType "swiss"]
[EventRounds "9"]
[EventCountry "RUS"]
[SourceTitle "EXT 2018"]
[Source "ChessBase"]
[SourceDate "2017.10.13"]
[SourceVersion "1"]
[SourceVersionDate "2017.10.13"]
[SourceQuality "1"]

1. d4 Nf6 2. Bf4 e6 3. e3 c5 4. c3 Nc6 5. Nd2 d5 6. Bd3 Bd6 7. Bg3 a6 8. Ngf3 0-0 9. Ne5 cxd4 10. exd4 Be7 11. Bf4 Nd7 12. Qh5 f5 13. Nxd7 Bxd7 14. Nf3 Be8 15. Qh3 g5 16. Nxg5 Bxg5 17. Qg3 Qf6 18. Bxg5 Qg6 19. Bf4 e5 20. Qxg6+ hxg6 21. dxe5 Nxe5 22. Bxe5 Bb5 23. Bxb5 axb5 1-0

[Event "Gelendzhik op 13th"]
[Site "Gelendzhik"]
[Date "2017.01.12"]
[Round "9"]
[White "Kornijuk, Alexandr"]
[Black "Peregudov, Denis"]
[Result "1/2-1/2"]
[WhiteElo "1307"]
[BlackElo "1562"]
[PlyCount "85"]
[EventDate "2017.01.04"]
[EventType "swiss"]
[EventRounds "9"]
[EventCountry "RUS"]
[SourceTitle "CBM 176 Extra"]
[Source "ChessBase"]
[SourceDate "2017.03.02"]
[SourceVersion "1"]
[SourceVersionDate "2017.03.02"]
[SourceQuality "1"]

1. d4 d5 2. Nf3 c6 3. e3 Bf5 4. c4 e6 5. Nc3 Nd7 6. b3 Bd6 7. Bb2 Ngf6 8. Bd3 Bg6 9. Qc2 a5 10. 0-0 0-0 11. Bxg6 hxg6 12. c5 Bc7 13. Ba3 e5 14. Rfe1 Re8 15. Na4 exd4 16. exd4 Ne4 17. Nd2 Bxh2+ 18. Kf1 Nxd2+ 19. Qxd2 Bc7 20. Rxe8+ Qxe8 21. Re1 Qf8 22. Qg5 Nf6 23. Re3 Re8 24. Bc1 Rxe3 25. Qxe3 Qe8 26. Ke2 Kf8 27. Bd2 Qxe3+ 28. Kxe3 Nd7 29. Kd3 Ke7 30. Ke3 Ke6 31. Kf3 Kf5 32. g3 g5 33. g4+ Kg6 34. Kg2 f5 35. f3 Kf6 36. Kh3 g6 37. Kg2 f4 38. Kf2 Ke7 39. Ke2 Kd8 40. Kd3 Kc8 41. a3 Kb8 42. b4 axb4 43. axb4 1/2-1/2

[Event "Gelendzhik op 13th"]
[Site "Gelendzhik"]
[Date "2017.01.08"]
[Round "5"]
[White "Nikolaev, Artemiy"]
[Black "Peregudov, Denis"]
[Result "0-1"]
[WhiteElo "1065"]
[BlackElo "1562"]
[PlyCount "130"]
[EventDate "2017.01.04"]
[EventType "swiss"]
[EventRounds "9"]
[EventCountry "RUS"]
[SourceTitle "CBM 176 Extra"]
[Source "ChessBase"]
[SourceDate "2017.03.02"]
[SourceVersion "1"]
[SourceVersionDate "2017.03.02"]
[SourceQuality "1"]

1. c4 e6 2. Nc3 f5 3. g3 Nf6 4. Bg2 Bb4 5. Nf3 Bxc3 6. bxc3 0-0 7. 0-0 d6 8. d3 e5 9. e3 Qe8 10. Nh4 Nc6 11. e4 fxe4 12. Bxe4 Nxe4 13. dxe4 Qf7 14. Ba3 Bh3 15. Ng2 Bxg2 16. Kxg2 Qxc4 17. Qd5+ Qxd5 18. exd5 Ne7 19. c4 b6 20. Bc1 b5 21. Bg5 Nf5 22. cxb5 Nd4 23. a4 a6 24. bxa6 Rxa6 25. Rfb1 Ra5 26. Rb7 Rc8 27. Rc1 Rxa4 28. Be7 Nf5 29. Rcxc7 Rxc7 30. Rxc7 Nxe7 31. Rxe7 Rd4 32. Kf3 Rxd5 33. Ke4 Rd2 34. Rd7 Rxf2 35. Kd5 Rf6 36. h4 h5 37. Rd8+ Kf7 38. Rd7+ Kg6 39. Rb7 Kh7 40. Ke4 Kh6 41. Kd5 Rg6 42. Rb3 Kh7 43. Re3 Kg8 44. Rf3 Rf6 45. Rb3 g6 46. Rb8+ Kf7 47. Rb7+ Ke8 48. Rb8+ Kd7 49. Rb7+ Kd8 50. Rb8+ Kc7 51. Rb3 Rf2 52. Rc3+ Kd7 53. Rb3 Rd2+ 54. Ke4 Ke6 55. Rf3 Re2+ 56. Kd3 e4+ 57. Kxe2 exf3+ 58. Kxf3 Kf5 59. Kf2 Ke4 60. Ke2 d5 61. Kf2 Kd3 62. Kf3 d4 63. g4 Kc2 64. gxh5 gxh5 65. Kf4 d3 0-1

[Event "World School-ch U13"]
[Site "Sochi"]
[Date "2016.12.11"]
[Round "9"]
[White "Peregudov, Denis"]
[Black "Smelykh, Edvin"]
[Result "1-0"]
[WhiteElo "1634"]
[BlackElo "1505"]
[PlyCount "55"]
[EventDate "2016.12.03"]
[EventType "swiss"]
[EventRounds "9"]
[EventCountry "RUS"]
[SourceTitle "EXT 2018"]
[Source "ChessBase"]
[SourceDate "2017.10.13"]
[SourceVersion "1"]
[SourceVersionDate "2017.10.13"]
[SourceQuality "1"]

1. d4 d5 2. Bf4 c6 3. e3 Nf6 4. Bd3 Bg4 5. f3 Bh5 6. c4 e6 7. Qb3 Qb6 8. c5 Qxb3 9. axb3 Bg6 10. Bxg6 hxg6 11. Bxb8 Rxb8 12. Rxa7 b6 13. cxb6 Nd7 14. b7 Bb4+ 15. Nc3 c5 16. Nge2 Nf6 17. 0-0 Kd7 18. Nc1 cxd4 19. exd4 Bd6 20. h3 Bc7 21. Na4 Kd6 22. Nd3 Nd7 23. Rc1 Bb6 24. Nxb6 Nxb6 25. Nc5 Nd7 26. b4 Rhe8 27. Rca1 Ke7 28. R1a6 1-0

[Event "World School-ch U13"]
[Site "Sochi"]
[Date "2016.12.10"]
[Round "8"]
[White "Peregudov, Denis"]
[Black "Liyanarachchi, Sanosh Shamal"]
[Result "0-1"]
[WhiteElo "1634"]
[BlackElo "1563"]
[PlyCount "94"]
[EventDate "2016.12.03"]
[EventType "swiss"]
[EventRounds "9"]
[EventCountry "RUS"]
[SourceTitle "EXT 2018"]
[Source "ChessBase"]
[SourceDate "2017.10.13"]
[SourceVersion "1"]
[SourceVersionDate "2017.10.13"]
[SourceQuality "1"]

1. d4 d5 2. Bf4 c5 3. e3 Nc6 4. c3 Qb6 5. Qb3 c4 6. Qc2 Nf6 7. Nd2 Bg4 8. Be2 Bxe2 9. Nxe2 e6 10. e4 Be7 11. h3 Qd8 12. 0-0 Nxe4 13. Nxe4 dxe4 14. Qxe4 Qd5 15. Qxd5 exd5 16. Rfe1 0-0 17. Kf1 Rad8 18. Ng1 Bd6 19. Bxd6 Rxd6 20. Nf3 f6 21. Re2 Kf7 22. Rae1 Rfd8 23. Nh4 g6 24. Nf3 R6d7 25. Nh2 Re7 26. Rxe7+ Nxe7 27. Ng4 Nf5 28. g3 Rd6 29. Ne3 Nxe3+ 30. Rxe3 Re6 31. Ke2 Rb6 32. b3 cxb3 33. axb3 Rxb3 34. Kd3 a5 35. Re1 Rb2 36. f4 a4 37. h4 b5 38. Ke3 Rb3 39. Kd2 a3 40. Ra1 Ke6 41. g4 Rb2+ 42. Ke3 a2 43. h5 gxh5 44. gxh5 Rh2 45. Kd3 Rxh5 46. Rxa2 Rh3+ 47. Kc2 Rh2+ 0-1

[Event "World School-ch U13"]
[Site "Sochi"]
[Date "2016.12.06"]
[Round "4"]
[White "Bagdasaryan, Samvel"]
[Black "Peregudov, Denis"]
[Result "1-0"]
[WhiteElo "1526"]
[BlackElo "1634"]
[PlyCount "71"]
[EventDate "2016.12.03"]
[EventType "swiss"]
[EventRounds "9"]
[EventCountry "RUS"]
[SourceTitle "EXT 2018"]
[Source "ChessBase"]
[SourceDate "2017.10.13"]
[SourceVersion "1"]
[SourceVersionDate "2017.10.13"]
[SourceQuality "1"]

1. e4 c6 2. d4 d5 3. Nd2 dxe4 4. Nxe4 Nd7 5. Bc4 e6 6. Bf4 Ngf6 7. Nxf6+ Nxf6 8. Nf3 Be7 9. 0-0 0-0 10. c3 b6 11. Re1 Bb7 12. Qb3 Nd5 13. Be5 Qc8 14. Rad1 Ba6 15. Bxa6 Qxa6 16. a3 Rfd8 17. c4 Nf6 18. Bc7 Rd7 19. Bg3 Qb7 20. Ne5 Rdd8 21. Qf3 Rac8 22. Ng4 Nxg4 23. Qxg4 Rd7 24. Be5 Bf8 25. Re3 g6 26. Qf4 Bg7 27. Bxg7 Kxg7 28. Rh3 h5 29. Qg5 Kh7 30. Rdd3 Qa6 31. Rdg3 Rxd4 32. Qxh5+ Kg7 33. Qe5+ f6 34. Qxd4 Qb7 35. Rd3 Rc7 36. Qd8 1-0

[Event "Gelendzhik op 12th"]
[Site "Gelendzhik"]
[Date "2016.06.03"]
[Round "7"]
[White "Terzyan, Nazar"]
[Black "Peregudov, Denis"]
[Result "1-0"]
[WhiteElo "1708"]
[BlackElo "1517"]
[PlyCount "43"]
[EventDate "2016.05.28"]
[EventType "swiss"]
[EventRounds "9"]
[EventCountry "RUS"]
[SourceTitle "CBM 172 Extra"]
[Source "ChessBase"]
[SourceDate "2016.06.21"]
[SourceVersion "1"]
[SourceVersionDate "2016.06.21"]
[SourceQuality "1"]

1. e4 d6 2. c3 Nf6 3. f4 Nxe4 4. Qa4+ Bd7 5. Qxe4 Nc6 6. Nf3 g6 7. Qc2 Bg7 8. Be2 Bg4 9. 0-0 Qd7 10. h3 Be6 11. d4 d5 12. Be3 Bf5 13. Bd3 e6 14. Nbd2 h6 15. Ne5 Bxe5 16. dxe5 0-0-0 17. Nb3 Bxd3 18. Qxd3 g5 19. Nc5 Qe7 20. Qb5 Na5 21. Qxa5 b6 22. Qa6+ 1-0

[Event "Gelendzhik op 12th"]
[Site "Gelendzhik"]
[Date "2016.06.01"]
[Round "5"]
[White "Globa, Viktor Ivanovich"]
[Black "Peregudov, Denis"]
[Result "0-1"]
[WhiteElo "1871"]
[BlackElo "1517"]
[PlyCount "98"]
[EventDate "2016.05.28"]
[EventType "swiss"]
[EventRounds "9"]
[EventCountry "RUS"]
[SourceTitle "CBM 172 Extra"]
[Source "ChessBase"]
[SourceDate "2016.06.21"]
[SourceVersion "1"]
[SourceVersionDate "2016.06.21"]
[SourceQuality "1"]

1. e4 c6 2. d4 d5 3. Nc3 dxe4 4. Nxe4 Nd7 5. Ng5 e6 6. Bd3 h6 7. Qh5 Qe7 8. N5f3 Ngf6 9. Qa5 Qb4+ 10. Qxb4 Bxb4+ 11. c3 Bd6 12. Ne2 b6 13. 0-0 Bb7 14. Bf4 Bxf4 15. Nxf4 c5 16. Ne5 cxd4 17. Nxd7 Kxd7 18. cxd4 Rhd8 19. Bb5+ Bc6 20. Bxc6+ Kxc6 21. Rac1+ Kb7 22. Ne2 Nd5 23. a3 Ne7 24. Rc3 Rac8 25. Rfc1 Rxc3 26. bxc3 Rc8 27. c4 Rd8 28. Kf1 Nc6 29. f4 Nxd4 30. Rd1 Nc6 31. Rxd8 Nxd8 32. Nd4 a6 33. Ke2 Nc6 34. Nb3 e5 35. Ke3 f6 36. f5 Na5 37. Nd2 Kc6 38. Kd3 Nb7 39. g4 Nc5+ 40. Ke3 Nb7 41. h4 Nd6 42. h5 b5 43. cxb5+ Kxb5 44. Kd3 Ka4 45. Nb1 Nb5 46. Nd2 Nd6 47. Kc3 Kxa3 48. Nf3 Ka4 49. Nd2 Kb5 0-1

[Event "Kislovodsk Narzan op"]
[Site "Kislovodsk"]
[Date "2015.08.08"]
[Round "7"]
[White "Schepetnov, Egor"]
[Black "Peregudov, Denis"]
[Result "1/2-1/2"]
[WhiteElo "1707"]
[BlackElo "1527"]
[PlyCount "116"]
[EventDate "2015.08.01"]
[EventType "swiss"]
[EventRounds "9"]
[EventCountry "RUS"]
[SourceTitle "EXT 2016"]
[Source "ChessBase"]
[SourceDate "2015.10.08"]
[SourceVersion "1"]
[SourceVersionDate "2015.10.08"]
[SourceQuality "1"]

1. e4 c6 2. Nf3 d5 3. Nc3 dxe4 4. Nxe4 Nd7 5. Bc4 e6 6. Qe2 Ngf6 7. Neg5 Nb6 8. Ne5 Nxc4 9. Qxc4 Qd5 10. Qxd5 exd5 11. Ngxf7 Rg8 12. Ng5 Bd6 13. Ngf3 Bf5 14. c3 0-0-0 15. d4 Rde8 16. 0-0 Rgf8 17. Nh4 Be6 18. f4 Ne4 19. Nhf3 Bf5 20. Nd2 Nf6 21. Ndf3 Ne4 22. h3 h6 23. g4 Bd7 24. Kg2 Bc7 25. Be3 Re6 26. Nxd7 Kxd7 27. Ne5+ Kc8 28. Rf3 a6 29. Raf1 Ref6 30. h4 Re6 31. Bc1 Ree8 32. Nd3 Kd7 33. f5 Kc8 34. g5 hxg5 35. hxg5 Bd8 36. g6 Bg5 37. Nf4 Rxf5 38. Nd3 Rxf3 39. Rxf3 Bxc1 40. Nxc1 Nf6 41. Nd3 Re2+ 42. Kh3 Re8 43. Ne5 Nd7 44. Nf7 Kc7 45. Ne5 Nxe5 46. dxe5 Kd7 47. Rf5 Ke6 48. Kg4 Re7 49. a4 c5 50. Kf4 Rd7 51. Rh5 d4 52. c4 b6 53. Rh8 d3 54. Re8+ Re7 55. Rd8 Rd7 56. Re8+ Re7 57. Rd8 Rd7 58. Re8+ Re7 1/2-1/2

[Event "Gelendzhik op"]
[Site "Gelendzhik"]
[Date "2015.01.06"]
[Round "3"]
[White "Abrosimov, Nikolay"]
[Black "Peregudov, Denis"]
[Result "1-0"]
[WhiteElo "1840"]
[BlackElo "1577"]
[PlyCount "85"]
[EventDate "2015.01.04"]
[EventType "swiss"]
[EventRounds "9"]
[EventCountry "RUS"]
[SourceTitle "CBM 164 Extra"]
[Source "ChessBase"]
[SourceDate "2015.03.02"]
[SourceVersion "1"]
[SourceVersionDate "2015.03.02"]
[SourceQuality "1"]

1. c4 g6 2. d4 Nf6 3. Nc3 Bg7 4. e4 d6 5. Nf3 0-0 6. Be2 Nbd7 7. 0-0 c5 8. d5 Ng4 9. h3 Nge5 10. Nd2 b6 11. f4 Bb7 12. fxe5 Nxe5 13. Nf3 Nd7 14. Bd3 Nf6 15. Qe2 Bc8 16. e5 dxe5 17. Nxe5 Nh5 18. Rf3 Qd6 19. Nc6 e6 20. Ne4 Qc7 21. g4 exd5 22. cxd5 Nf6 23. Nxf6+ Bxf6 24. Rxf6 Qg3+ 25. Kf1 Qxh3+ 26. Ke1 Qg3+ 27. Kd2 Bxg4 28. Qf2 Qh3 29. Kc2 Bd1+ 30. Kxd1 Qxd3+ 31. Bd2 h5 32. Qf3 Qb5 33. Bc3 Qa4+ 34. b3 Qh4 35. Kc2 Qh2+ 36. Qf2 Qh3 37. Rf3 Qg4 38. Rg3 Qe4+ 39. Kb2 Rae8 40. Re1 Qxd5 41. Ne7+ Rxe7 42. Rxe7 Rd8 43. Qf6 1-0